[Event "Uljanovsk op"]
[Site "Uljanovsk"]
[Date "2009.08.28"]
[Round "6"]
[White "Shamshetdinov, Rjastam"]
[Black "Tsai, Roman"]
[Result "1-0"]
[WhiteElo "2107"]
[BlackElo "1890"]
[PlyCount "75"]
[EventDate "2009.08.26"]
[EventType "swiss"]
[EventRounds "9"]
[EventCountry "RUS"]
[SourceTitle "CBM 132 Extra"]
[Source "ChessBase"]
[SourceDate "2009.11.03"]
[SourceVersion "1"]
[SourceVersionDate "2009.11.03"]
[SourceQuality "1"]

1. e4 g6 2. d4 Bg7 3. Nc3 d6 4. f4 Nf6 5. Nf3 0-0 6. Be3 Ng4 7. Bg1 e5 8. a3 exd4 9. Bxd4 Nf6 10. Bd3 Nc6 11. Bf2 Re8 12. 0-0 Nh5 13. Qd2 Bh6 14. Bh4 f6 15. Nd5 Be6 16. g4 Bxd5 17. gxh5 Bxe4 18. Bxe4 Rxe4 19. Qd5+ Kg7 20. Qxe4 Qd7 21. f5 Re8 22. Qg4 Be3+ 23. Kg2 g5 24. Rae1 h6 25. Bf2 Bxf2 26. Rxf2 Rxe1 27. Nxe1 Ne5 28. Qe4 d5 29. Qd4 Nc6 30. Qe3 Kf7 31. Nd3 b6 32. h4 d4 33. Qe4 gxh4 34. Kh3 Qd6 35. Kxh4 Ne7 36. Re2 c5 37. Nf4 a5 38. Ng6 1-0

[Event "Uljanovsk op"]
[Site "Uljanovsk"]
[Date "2009.08.26"]
[Round "3"]
[White "Nikonova, Irina"]
[Black "Shamshetdinov, Rjastam"]
[Result "1-0"]
[WhiteElo "2006"]
[BlackElo "2107"]
[PlyCount "75"]
[EventDate "2009.08.26"]
[EventType "swiss"]
[EventRounds "9"]
[EventCountry "RUS"]
[SourceTitle "CBM 132 Extra"]
[Source "ChessBase"]
[SourceDate "2009.11.03"]
[SourceVersion "1"]
[SourceVersionDate "2009.11.03"]
[SourceQuality "1"]

1. c4 e5 2. Nc3 Nc6 3. g3 d6 4. Bg2 Be6 5. d3 Qd7 6. Qa4 Nd4 7. Qxd7+ Bxd7 8. Kd1 0-0-0 9. Be3 Nf6 10. h3 Bc6 11. Bd5 Nxd5 12. cxd5 Bd7 13. Bd2 c6 14. e3 Nf5 15. Nge2 Kb8 16. Rh2 h6 17. g4 Nh4 18. Ng1 f5 19. gxf5 Nxf5 20. Nge2 Be7 21. f4 g5 22. e4 exf4 23. exf5 Bxf5 24. Kc2 Bf6 25. Rf1 h5 26. Rhh1 Rc8 27. Nxf4 gxf4 28. Rxf4 Bxc3 29. Bxc3 cxd5 30. Kd2 Bd7 31. Bxh8 Rxh8 32. h4 Rg8 33. Rhf1 Kc7 34. Rf7 d4 35. R7f4 Rg2+ 36. R1f2 Rxf2+ 37. Rxf2 Kc6 38. Rf4 1-0

[Event "Uljanovsk Cup op"]
[Site "Uljanovsk"]
[Date "2008.11.23"]
[Round "9"]
[White "Parfenov, Vladimir"]
[Black "Shamshetdinov, Rjastam"]
[Result "0-1"]
[WhiteElo "2097"]
[BlackElo "2124"]
[PlyCount "44"]
[EventDate "2008.11.15"]
[EventType "swiss"]
[EventRounds "9"]
[EventCountry "RUS"]
[SourceTitle "EXT 2022"]
[Source "ChessBase"]
[SourceDate "2021.10.06"]
[SourceVersion "1"]
[SourceVersionDate "2021.10.06"]
[SourceQuality "1"]

1. e4 d5 2. e5 c5 3. f4 Nc6 4. Nf3 Bg4 5. Be2 e6 6. c3 Nge7 7. d3 Nf5 8. Na3 Be7 9. Nc2 0-0 10. Ne3 Bxf3 11. Bxf3 f6 12. Nxf5 exf5 13. Qb3 fxe5 14. Qxb7 e4 15. Be2 Rf6 16. Qb5 Rb8 17. Qa4 exd3 18. Bxd3 c4 19. Be2 Re6 20. Kf1 Bc5 21. Bf3 Qh4 22. Qd1 Qf2# 0-1

[Event "Uljanovsk Cup op"]
[Site "Uljanovsk"]
[Date "2008.11.20"]
[Round "6"]
[White "Shamshetdinov, Rjastam"]
[Black "Pisarenko, Oleg"]
[Result "1-0"]
[WhiteElo "2124"]
[BlackElo "2008"]
[PlyCount "47"]
[EventDate "2008.11.15"]
[EventType "swiss"]
[EventRounds "9"]
[EventCountry "RUS"]
[SourceTitle "EXT 2022"]
[Source "ChessBase"]
[SourceDate "2021.10.06"]
[SourceVersion "1"]
[SourceVersionDate "2021.10.06"]
[SourceQuality "1"]

1. e4 c6 2. d4 d5 3. e5 e6 4. Nc3 c5 5. dxc5 Bxc5 6. Nf3 Qb6 7. Qe2 Ne7 8. g4 Nbc6 9. Bg2 Qb4 10. Nd2 Bd4 11. Nb5 Bxe5 12. c3 Qa5 13. Nb3 Qd8 14. f4 Bb8 15. Be3 a6 16. N5d4 Ba7 17. 0-0-0 Bd7 18. Kb1 Na5 19. f5 Nc4 20. fxe6 fxe6 21. Bg5 e5 22. Bxd5 exd4 23. Bxc4 b5 24. Rde1 1-0

[Event "Uljanovsk Cup op"]
[Site "Uljanovsk"]
[Date "2008.11.16"]
[Round "2"]
[White "Shamshetdinov, Rjastam"]
[Black "Mikeev, Valery"]
[Result "1-0"]
[WhiteElo "2124"]
[BlackElo "1896"]
[PlyCount "58"]
[EventDate "2008.11.15"]
[EventType "swiss"]
[EventRounds "9"]
[EventCountry "RUS"]
[SourceTitle "EXT 2022"]
[Source "ChessBase"]
[SourceDate "2021.10.06"]
[SourceVersion "1"]
[SourceVersionDate "2021.10.06"]
[SourceQuality "1"]

1. e4 c6 2. d4 d5 3. e5 Bf5 4. Nc3 e6 5. g4 Bg6 6. Nge2 Be7 7. Nf4 Nd7 8. Nxg6 hxg6 9. Ne2 Qb6 10. Bg2 0-0-0 11. c3 f6 12. Nf4 Nf8 13. 0-0 f5 14. Qe2 g5 15. Nd3 f4 16. Ne1 Ng6 17. Nf3 Nh6 18. Qc2 Nf8 19. h3 Nf7 20. b4 Rh6 21. a4 Ng6 22. b5 Rdh8 23. c4 Nh4 24. Nxh4 Rxh4 25. cxd5 exd5 26. Qf5+ Kd8 27. Qxf7 Rf8 28. Qxg7 f3 29. Bxg5 Qc7 1-0